| 000 | 01373nam a2200265Ia 4500 | ||
|---|---|---|---|
| 999 |
_c42048 _d42048 |
||
| 001 | 8738 | ||
| 003 | GE_BSU | ||
| 005 | 20240528165955.0 | ||
| 008 | 181216s2012||||ge |||||||||||||| ||geo|| | ||
| 020 | _a9789941195594 | ||
| 040 | _cGE_BSU | ||
| 041 | _ageo | ||
| 080 | _a821.111(73)-31 ლ-83 | ||
| 100 |
_aლონდონი, ჯეკ _919754 |
||
| 245 |
_aმარტინ იდენი : _b[რომანი] / _cჯეკ ლონდონი ; ვახტანგ ჭელიძის თარგმანი ; რედ. ელენე სალარიძე ; ყდის დიზაინი ეთერ გზირიშვილი. _h |
||
| 264 |
_aთბილისი : _bპალიტრა L, _c2012. |
||
| 300 |
_a390 გვ. ; _c23 სმ. |
||
| 490 |
_a50 წიგნი, რომელიც უნდა წაიკითხო, სანამ ცოცხალი ხარ, 1987-9628 _vწ. 2 |
||
| 541 | _h12ლ. | ||
| 653 | _aმარტინ იდენი | ||
| 700 |
_aჭელიძე, ვ. (ვახტანგ) _eმთარგმნელი _922204 |
||
| 700 |
_aსალარიძე, ე. (ელენე) _eრედაქტორი _922205 |
||
| 700 |
_aგზირიშვილი, ე. (ეთერ) _eყდის დიაზაინი _922206 |
||
| 942 |
_cBK _2udc |
||